000 00672nam a22002177i 4500
005 20211122151502.0
008 211122b my ||||| |||| 00| 0 may d
020 _qpaperback
040 _aPPAK
_beng
_cPPAK
_erda
082 0 4 _223
_a499.221
090 0 0 _a499.221
_bTJO
_dKAO
100 1 _aTjokronegoro, Sutomo,
_eauthor.
245 1 0 _aTjukupkah Saudara membina Bahasa Kesatuan kita? /
_cOLEH SUTOMO TJOKRONEGORO
264 1 _aBandung, Jakarta :
_bP.T. ERESCO,
_c1968
300 _axxiv, 313 pages ;
_c21 cm.
336 _2rdacontent
_atext
337 _2rdamedia
_aunmediated
338 _2rdacarrier
_avolume
650 1 0 _aIndonesian language
942 _2ddc
_cB
999 _c186149
_d186149